000 00298nam a22001337a 4500
008 170608b xxu||||| |||| 00| 0 eng d
020 _a9780205791309
041 _aeng
080 _a32
100 _a1/8
101 _aSHP
245 _aINTERNATIONAL RELATIONS
_cGOLDSTEIN.J.S
942 _2udc
_cBK
999 _c16538
_d16538